000 01057 am a2200313ua 4500
001 010772915
003 EG-ScBUE
005 20220810101106.0
008 030422s2002 enka f 000 0 eng d
020 _a1843253666 (pbk.)
020 _a9781843253662
040 _aEG-ScBUE
_beng
_erda
_cEG-ScBUE
_dEG-ScBUE
082 0 4 _a428.24076
_222
_bEVA
100 1 _aEvans, Virginia,
_eauthor.
_935791
245 1 0 _aCPE use of English 1 for the revised Cambridge proficiency examination.
_pTeacher's book /
_cVirginia Evans.
246 3 0 _aTeacher's book
264 1 _aBerkshire :
_bExpress Publishing,
_c2002.
300 _a352 pages :
_btables ;
_c28 cm
336 _2rdacontent
_atext
_btxt
337 _2rdamedia
_aunmediated
_bn
338 _2rdacarrier
_avolume
_bnc
500 _aIncludes Appendices.
650 7 _aEnglish language
_vExaminations, questions, etc.
_2BUEsh
_99157
650 7 _aEnglish language
_xUsage
_2BUEsh
_97682
651 _2BUEsh
653 _cMarch2014
_bHHUUEENN
655 _vReading book
_934232
942 _2ddc
_k428.24076 EVA
_cBB
999 _c18178
_d18150